Macroeconomía (Registro nro. 388)

Detalles MARC
000 -LEADER
fixed length control field 01771 a2200265 4500
001 - CONTROL NUMBER
control field 4082
005 - DATE AND TIME OF LATEST TRANSACTION
control field 20260407155431.0
008 - FIXED-LENGTH DATA ELEMENTS--GENERAL INFORMATION
fixed length control field 260407a1994 arg spa d
003 - CONTROL NUMBER IDENTIFIER
control field AR-UNSa-BCEJYS
040 ## - CATALOGING SOURCE
Original cataloging agency AR-UNSa-BCEJYS
Language of cataloging spa
Transcribing agency AR-UNSa-BCEJYS
080 ## - UNIVERSAL DECIMAL CLASSIFICATION NUMBER
Universal Decimal Classification number 330.101.541
Common auxiliary subdivision Macroeconomía
020 ## - INTERNATIONAL STANDARD BOOK NUMBER
International Standard Book Number 84-481-1894-4
100 1# - MAIN ENTRY--PERSONAL NAME
Personal name Dornbusch, Rudiger
245 10 - TITLE STATEMENT
Title Macroeconomía
250 ## - EDITION STATEMENT
Edition statement 6a. ed.
264 #1 - PRODUCTION, PUBLICATION, DISTRIBUTION, MANUFACTURE, AND COPYRIGHT NOTICE
Place of production, publication, distribution, manufacture Madrid :
Name of producer, publisher, distributor, manufacturer McGraw-Hill
Date of production, publication, distribution, manufacture, or copyright notice 1994
300 ## - PHYSICAL DESCRIPTION
Extent xix, 785 p.
Dimensions 23 cm.
505 ## - FORMATTED CONTENTS NOTE
Formatted contents note 1. Introducción - 2. La contabilidad nacional - 3. La renta y el gasto - 4. El dinero, el interés, y la renta - 5. La política monetaria y la política fiscal - 6. La relaciones internacionales - 7. La oferta y la demanda agregadas: Introducción - 8. La oferta agregada: los salarios, los precios y el empleo - 9. El enfoque del equilibrio con expectativas racionales - 10. El crecimiento a largo plazo y la productividad - 11. El consumo y el ahorro - 12. El gasto de inversón - 13. La demanda de dinero - 14. El banco central, el dinero y el crédito - 15. La política de estabilización : perspectivas y problemas - 16. La dinámica de la inflación y el desempleo - 17. Las disyuntivas entre la inflación y el desempleo - 18. El dinero, los déficit y la inflación: la evidencia y las cuestiones relacionadas con la política económica - 19. Los déficit presupuestarios y la deuda pública - 20. El ajuste y la interdependencia internacionales
590 ## - LOCAL NOTE (RLIN)
Local note niveau_biblio:m niveau_hierar:0
700 1# - ADDED ENTRY--PERSONAL NAME
Personal name Fischer, Stanley
700 1# - ADDED ENTRY--PERSONAL NAME
Personal name Rabasco, María Esther
700 1# - ADDED ENTRY--PERSONAL NAME
Personal name Toharia Cortés, Luis
856 41 - ELECTRONIC LOCATION AND ACCESS
Uniform Resource Identifier <a href="https://t2.gstatic.com/images?q=tbn:ANd9GcQLEU35JOoeLZaC7JABz9c5I0Zr_EKYvPUwAVPsXU1pXPGeTd4gREfzhMw">https://t2.gstatic.com/images?q=tbn:ANd9GcQLEU35JOoeLZaC7JABz9c5I0Zr_EKYvPUwAVPsXU1pXPGeTd4gREfzhMw</a>
Link text Imagen de portada
Electronic format type image/jpeg
942 ## - ADDED ENTRY ELEMENTS (KOHA)
Koha item type
Existencias
Withdrawn status Lost status Damaged status Not for loan Home library Current library Shelving location Date acquired Total checkouts Full call number Barcode Date last seen Price effective from Koha item type
        Biblioteca Prof. Eusebio Cleto del Rey Biblioteca Prof. Eusebio Cleto del Rey   07/04/2026   330.101.541 D713 6ed. L85041 07/04/2026 07/04/2026 Libro
        Biblioteca Prof. Eusebio Cleto del Rey Biblioteca Prof. Eusebio Cleto del Rey   07/04/2026   330.101.541 D713 6ed. L87483 07/04/2026 07/04/2026 Libro